[Event "8th HD Bank Cup 2018"]
[Site "Hanoi VIE"]
[Date "2018.03.12"]
[Round "5.7"]
[White "Chithambaram VR Aravindh"]
[Black "Erigaisi Arjun"]
[Result "0-1"]
[EventDate "?"]
[WhiteElo "2617"]
[BlackElo "2458"]
[PlyCount "90"]

1. e4 e6 2. d4 d5 3. Nd2 c5 4. exd5 Qxd5 5. Ngf3 cxd4 6. Bc4 Qd6 7. O-O Nf6 8. Nb3 Nc6 9. Nbxd4 Nxd4 10. Nxd4 a6 11. Re1 Qc7 12. Bf1 Bd6 13. Nf5 Bxh2+ 14. Kh1 O-O 15. Nxg7 Kxg7 16. Qd2 Ng8 17. g3 Bxg3 18. fxg3 Bd7 19. Qd4+ f6 20. Bf4 Bc6+ 21. Kg1 Qf7 22. Bd6 Rfe8 23. Rad1 Rad8 24. c4 Qh5 25. Bg2 e5 26. Qb6 Bxg2 27. Kxg2 Qf7 28. Rd5 Ne7 29. Bxe7 Qxe7 30. Red1 Rxd5 31. cxd5 Qd7 32. d6 Rc8 33. Rd2 Rc1 34. Qb3 Qf5 35. Qxb7+ Kg6 36. Rf2 Qh5 37. Rf1 Qe2+ 38. Rf2 Qe1 39. Kf3 f5 40. Rg2 Qd1+ 41. Re2 e4+ 42. Ke3 Qd3+ 43. Kf4 Qxe2 44. Qe7 Qd2+ 45. Ke5 Qxb2+ 0-1

[Event "8th HD Bank Cup 2018"]
[Site "Hanoi VIE"]
[Date "2018.03.12"]
[Round "4.21"]
[White "Erigaisi Arjun"]
[Black "Qi b Chen"]
[Result "1-0"]
[EventDate "?"]
[WhiteElo "2458"]
[BlackElo "2359"]
[PlyCount "56"]

1. d4 Nf6 2. Bg5 d5 3. Nd2 Nbd7 4. e3 e6 5. Bd3 Be7 6. c3 b6 7. f4 Bb7 8. Qc2 c5 9. Ngf3 c4 10. Be2 h6 11. Bxf6 Nxf6 12. b3 b5 13. Ne5 O-O 14. Rb1 Qc7 15. bxc4 bxc4 16. Bf3 Rfb8 17. Qa4 Bc8 18. Kf2 Bd7 19. Nxd7 Nxd7 20. g3 Bd8 21. e4 Nf6 22. e5 Nd7 23. h4 Nf8 24. Ke3 Qa5 25. Qxa5 Bxa5 26. Nxc4 Bxc3 27. Kd3 Bb4 28. Nd6 1-0

[Event "8th HD Bank Cup 2018"]
[Site "Hanoi VIE"]
[Date "2018.03.11"]
[Round "3.28"]
[White "Gulrukhbegim Tokhirjonova"]
[Black "Erigaisi Arjun"]
[Result "0-1"]
[EventDate "?"]
[WhiteElo "2318"]
[BlackElo "2458"]
[PlyCount "68"]

1. e4 e6 2. d4 d5 3. Nc3 Nf6 4. exd5 exd5 5. Bg5 Be7 6. Bd3 Nc6 7. Nge2 Nb4 8. Ng3 O-O 9. Be2 h6 10. Be3 c5 11. O-O Nc6 12. Bf3 cxd4 13. Bxd4 Be6 14. Nge2 Qa5 15. Re1 Rac8 16. a3 Rfe8 17. h3 Nxd4 18. Nxd4 Bd6 19. Nxe6 fxe6 20. Bg4 Nxg4 21. Qxg4 Qb6 22. Qg6 Re7 23. Rad1 Rf8 24. Rf1 Bc5 25. b4 Bxf2+ 26. Kh1 Ref7 27. Qd3 Bh4 28. Rxf7 Rxf7 29. Na4 Qc6 30. Nc5 b6 31. Nb3 Bf6 32. b5 Qc3 33. Qe2 Qe5 34. Qd2 Bg5 0-1

[Event "8th HD Bank Cup 2018"]
[Site "Hanoi VIE"]
[Date "2018.03.10"]
[Round "1.30"]
[White "Dinesh K Sharma"]
[Black "Erigaisi Arjun"]
[Result "1-0"]
[EventDate "?"]
[WhiteElo "2247"]
[BlackElo "2458"]
[PlyCount "76"]

1. e4 c5 2. Nf3 e6 3. d4 cxd4 4. Nxd4 a6 5. Bd3 Bc5 6. Nb3 Ba7 7. Qg4 Nf6 8. Qg3 Nc6 9. Nc3 O-O 10. Bg5 Nh5 11. Qh4 f6 12. Bd2 g6 13. O-O-O b5 14. f4 Bb7 15. Kb1 Qe7 16. Rhe1 Rac8 17. Be2 Ng7 18. Bf3 Nd4 19. Nxd4 Bxd4 20. Ne2 Bb6 21. Bc3 Rc7 22. Rd3 a5 23. Bd4 Bxd4 24. Nxd4 b4 25. Nb5 Rc5 26. Nd6 Ba6 27. Rd2 e5 28. f5 a4 29. Red1 b3 30. cxb3 axb3 31. a3 Rc2 32. fxg6 hxg6 33. Qh6 Rxd2 34. Rxd2 Ne6 35. Qxg6+ Kh8 36. Bd1 Nc5 37. Rd5 Bd3+ 38. Rxd3 1-0

[Event "8th HD Bank Cup 2018"]
[Site "Hanoi VIE"]
[Date "2018.03.10"]
[Round "2.41"]
[White "Erigaisi Arjun"]
[Black "Bach Ngoc Thuy Duong"]
[Result "1-0"]
[EventDate "?"]
[WhiteElo "2458"]
[BlackElo "2000"]
[PlyCount "76"]

1. d4 d5 2. c4 e6 3. Nc3 c6 4. e3 Nf6 5. Qc2 Nbd7 6. Bd2 Bd6 7. cxd5 exd5 8. Bd3 O-O 9. Nge2 Re8 10. O-O h6 11. f3 c5 12. Rae1 cxd4 13. Nxd4 Ne5 14. Nce2 Bd7 15. Bc3 a6 16. Ng3 Qc7 17. Bf5 Rac8 18. Bxd7 Qxd7 19. Qd2 Nc4 20. Qf2 Be5 21. b3 Nd6 22. Bb2 Nb5 23. Ndf5 Nd6 24. Nd4 Nb5 25. Ngf5 Nxd4 26. Nxd4 Bb8 27. Re2 Nh7 28. Rd1 Qd6 29. Qh4 Qg6 30. Qh3 Ng5 31. Qg4 Ba7 32. Nf5 h5 33. Ne7+ Kh7 34. Qxc8 Rxc8 35. Nxg6 Kxg6 36. Rxd5 Ne6 37. g3 Rc6 38. Kg2 1-0

[Event "Aeroflot Open"]
[Site "Moscow RUS"]
[Date "2018.02.28"]
[Round "9.36"]
[White "Arjun Erigaisi"]
[Black "Semen Lomasov"]
[Result "1/2-1/2"]
[EventDate "2018.02.20"]
[WhiteElo "2458"]
[BlackElo "2530"]
[PlyCount "35"]

1. Nf3 b6 2. g3 Bb7 3. Bg2 c5 4. O-O g6 5. d4 Nf6 6. c4 cxd4 7. Nxd4 Bxg2 8. Kxg2 Bg7 9. Nc3 Nc6 10. f3 O-O 11. Be3 Rc8 12. b3 Na5 13. Rc1 d5 14. Nxd5 Nxd5 15. cxd5 Qxd5 16. Qd2 Rxc1 17. Rxc1 Rd8 18. Rd1 1/2-1/2

[Event "Aeroflot Open"]
[Site "Moscow RUS"]
[Date "2018.02.27"]
[Round "8.26"]
[White "David Paravyan"]
[Black "Arjun Erigaisi"]
[Result "1-0"]
[EventDate "2018.02.20"]
[WhiteElo "2603"]
[BlackElo "2458"]
[PlyCount "59"]

1. e4 e6 2. d4 d5 3. Nc3 Nf6 4. Bg5 dxe4 5. Nxe4 Nbd7 6. Nf3 h6 7. Nxf6+ Nxf6 8. Bh4 c5 9. c3 cxd4 10. Nxd4 Bc5 11. Qf3 Qd5 12. Bb5+ Bd7 13. Bxd7+ Kxd7 14. Qe2 Ke7 15. O-O-O Bxd4 16. Rxd4 Qxg2 17. Re1 Rhd8 18. Rg4 Qxh2 19. Rxg7 Qf4+ 20. Kb1 Qf5+ 21. Ka1 Rd3 22. Rg3 Rad8 23. a3 b5 24. Rxd3 Rxd3 25. f4 Qd5 26. Qe5 Rd1+ 27. Rxd1 Qxd1+ 28. Ka2 Qd5+ 29. Qxd5 exd5 30. f5 1-0

[Event "Aeroflot Open"]
[Site "Moscow RUS"]
[Date "2018.02.26"]
[Round "7.28"]
[White "Arjun Erigaisi"]
[Black "Andrey Esipenko"]
[Result "1/2-1/2"]
[EventDate "2018.02.20"]
[WhiteElo "2458"]
[BlackElo "2571"]
[PlyCount "217"]

1. Nf3 Nf6 2. c4 e6 3. g3 d5 4. d4 Bb4+ 5. Bd2 Be7 6. Bg2 O-O 7. O-O Nbd7 8. Qc2 Ne4 9. Nc3 Nxd2 10. Nxd2 c6 11. e4 dxc4 12. Nxc4 Nb6 13. Qd3 Nxc4 14. Qxc4 Qb6 15. Na4 Qb5 16. Qc2 e5 17. Nc3 Qa5 18. d5 Bd7 19. Rfd1 Rfd8 20. Rd3 Bc5 21. Qd2 cxd5 22. Nxd5 Qxd2 23. Rxd2 Kf8 24. Rc1 Bd4 25. b3 Rac8 26. Rdc2 Rc6 27. Nb4 Rb6 28. Nd5 Rd6 29. Kh1 a5 30. Bf1 Bc6 31. f3 g6 32. a4 Bxd5 33. exd5 Bb6 34. Bc4 f5 35. Re1 Re8 36. Rce2 Bd4 37. Kg2 Kf7 38. Rd1 Bc5 39. h4 Kf6 40. g4 fxg4 41. fxg4 e4 42. Rf1+ Kg7 43. Rf4 e3 44. Kf3 Rf6 45. Rxf6 Kxf6 46. Bb5 Rf8 47. Ke4 Ke7 48. Ke5 b6 49. Bd3 Rf6 50. Bc4 h5 51. Rg2 hxg4 52. Rxg4 Rf2 53. Rg1 Bb4 54. d6+ Bxd6+ 55. Ke4 Rf4+ 56. Kd3 Rxh4 57. Rxg6 Bc5 58. Ke2 Kd8 59. Kf3 Rh3+ 60. Rg3 Rh2 61. Rg2 Rh1 62. Ke4 Ke7 63. Rg6 Rd1 64. Ke5 Bd4+ 65. Ke4 Rd2 66. Re6+ Kd7 67. Kf5 Rf2+ 68. Ke4 Bc5 69. Ke5 Kd8 70. Bb5 Kc7 71. Ke4 Rb2 72. Bc4 Kd7 73. Ke5 Rh2 74. Bb5+ Kd8 75. Kd5 Kc7 76. Rc6+ Kb7 77. Re6 Rd2+ 78. Ke4 Kc7 79. Rc6+ Kd8 80. Re6 Rd4+ 81. Kf3 Rh4 82. Re8+ Kc7 83. Re6 Rh2 84. Ke4 Rd2 85. Rc6+ Kd8 86. Re6 Rb2 87. Bc4 Kd7 88. Ke5 Kc7 89. Ke4 Rb1 90. Ke5 Rh1 91. Bb5 Rh8 92. Rc6+ Kb7 93. Re6 Rd8 94. Ke4 Rd2 95. Bc6+ Kc7 96. Bb5 Rd4+ 97. Kf3 Rh4 98. Rc6+ Kd8 99. Re6 Rh1 100. Ke4 Rd1 101. Re8+ Kc7 102. Re6 Rd2 103. Rc6+ Kd8 104. Re6 Kc7 105. Rc6+ Kb7 106. Re6 Rb2 107. Bc4 Kc7 108. Ke5 Rd2 109. Bb5 1/2-1/2

[Event "Aeroflot Open"]
[Site "Moscow RUS"]
[Date "2018.02.25"]
[Round "6.29"]
[White "Sanan Sjugirov"]
[Black "Arjun Erigaisi"]
[Result "1/2-1/2"]
[EventDate "2018.02.20"]
[WhiteElo "2652"]
[BlackElo "2458"]
[PlyCount "82"]

1. e4 e6 2. d4 d5 3. Nc3 Nf6 4. e5 Nfd7 5. f4 c5 6. Nf3 Nc6 7. Be3 Be7 8. Qd2 b6 9. Be2 O-O 10. O-O f6 11. dxc5 Nxc5 12. exf6 Bxf6 13. Nd4 Bb7 14. Rad1 Qe7 15. Bf3 Rad8 16. Nxc6 Bxc6 17. Bd4 Ne4 18. Bxf6 gxf6 19. Qe3 Qc5 20. Qxc5 bxc5 21. Nxe4 dxe4 22. Be2 f5 23. Kf2 Kf7 24. Ke3 Rxd1 25. Rxd1 Ke7 26. h3 e5 27. Bc4 Rf6 28. Rd2 h5 29. a3 a5 30. Rf2 Kd6 31. c3 h4 32. Rd2+ Ke7 33. b4 Rg6 34. fxe5 Rg3+ 35. Kf4 Rxc3 36. Rd6 Rxc4 37. Rxc6 axb4 38. axb4 e3+ 39. Kxe3 Re4+ 40. Kf3 cxb4 41. Rb6 Rd4 1/2-1/2

[Event "Aeroflot Open"]
[Site "Moscow RUS"]
[Date "2018.02.24"]
[Round "5.26"]
[White "Arjun Erigaisi"]
[Black "Sergei Zhigalko"]
[Result "1/2-1/2"]
[EventDate "2018.02.20"]
[WhiteElo "2458"]
[BlackElo "2625"]
[PlyCount "45"]

1. Nf3 Nf6 2. c4 e6 3. g3 d5 4. d4 Bb4+ 5. Bd2 Be7 6. Bg2 O-O 7. O-O c6 8. Qc2 b6 9. Bf4 Bb7 10. Rd1 Nbd7 11. Nc3 dxc4 12. Nd2 Nd5 13. Nxc4 Nxf4 14. gxf4 Qc7 15. Ne5 Nxe5 16. dxe5 a6 17. Rd3 Rad8 18. Rad1 Rxd3 19. Rxd3 Rd8 20. a4 h6 21. e3 g6 22. Ne4 Kf8 23. Nf6 1/2-1/2

[Event "Aeroflot Open"]
[Site "Moscow RUS"]
[Date "2018.02.23"]
[Round "4.29"]
[White "Haik M Martirosyan"]
[Black "Arjun Erigaisi"]
[Result "1/2-1/2"]
[EventDate "2018.02.20"]
[WhiteElo "2586"]
[BlackElo "2458"]
[PlyCount "88"]

1. d4 d5 2. c4 c6 3. Nf3 Nf6 4. Qb3 dxc4 5. Qxc4 Bg4 6. Nc3 Nbd7 7. e4 Bxf3 8. gxf3 e5 9. Be3 exd4 10. Bxd4 Bd6 11. h4 Qe7 12. O-O-O Nb6 13. Qe2 Bc5 14. Bxc5 Qxc5 15. Qe3 Qxe3+ 16. fxe3 Ke7 17. Rg1 g6 18. b4 Rhd8 19. Rxd8 Rxd8 20. a4 a6 21. Kc2 Nbd7 22. f4 Ne8 23. h5 Ndf6 24. hxg6 hxg6 25. Be2 Ng7 26. Rh1 Ne6 27. Bf3 g5 28. e5 Nd7 29. Ne2 gxf4 30. exf4 a5 31. Rb1 axb4 32. Rxb4 Ndc5 33. Bg4 f6 34. Bxe6 Kxe6 35. Nd4+ Kd5 36. exf6 Rf8 37. Nb3 Nxb3 38. Kxb3 b5 39. axb5 cxb5 40. Rxb5+ Ke4 41. Rb4+ Ke3 42. Kc4 Rxf6 43. Kd5 Rxf4 44. Rxf4 Kxf4 1/2-1/2

[Event "Aeroflot Open"]
[Site "Moscow RUS"]
[Date "2018.02.22"]
[Round "3.43"]
[White "Arjun Erigaisi"]
[Black "Das Debashis"]
[Result "1-0"]
[EventDate "2018.02.20"]
[WhiteElo "2458"]
[BlackElo "2501"]
[PlyCount "103"]

1. Nf3 Nf6 2. c4 e6 3. g3 d5 4. d4 Nbd7 5. Bg2 dxc4 6. O-O c6 7. a4 a5 8. Qc2 b5 9. Ne5 Nxe5 10. dxe5 Nd5 11. axb5 cxb5 12. Nc3 Qb6 13. Nxd5 exd5 14. Bxd5 Ra7 15. Bxc4 bxc4 16. Be3 Bc5 17. Qxc4 Bxe3 18. Qxc8+ Qd8 19. Qxd8+ Kxd8 20. fxe3 Ke7 21. Ra2 Rb8 22. Rfa1 Ke6 23. Kf2 Rb5 24. Ra4 Rxb2 25. Rxa5 Rxa5 26. Rxa5 Rb4 27. Kf3 Rc4 28. h4 h6 29. h5 Rb4 30. g4 Rb1 31. Kf4 Rf1+ 32. Ke4 Rg1 33. Ra6+ Ke7 34. Kf3 Rf1+ 35. Kg2 Re1 36. Kf2 Rh1 37. Ra8 g6 38. Ra7+ Ke6 39. Ra6+ Kxe5 40. hxg6 fxg6 41. Rxg6 Rh2+ 42. Kg3 Rh1 43. Ra6 Rg1+ 44. Kf3 Rh1 45. Ra5+ Kf6 46. Rf5+ Kg6 47. e4 Rh3+ 48. Kf4 Rh2 49. e3 Rf2+ 50. Kg3 Ra2 51. e5 Ra7 52. Kf4 1-0

[Event "Aeroflot Open"]
[Site "Moscow RUS"]
[Date "2018.02.21"]
[Round "2.35"]
[White "Arjun Erigaisi"]
[Black "Rauf Mamedov"]
[Result "0-1"]
[EventDate "2018.02.20"]
[WhiteElo "2458"]
[BlackElo "2709"]
[PlyCount "114"]

1. d4 Nf6 2. Nf3 g6 3. c4 Bg7 4. g3 c6 5. Bg2 d5 6. cxd5 cxd5 7. O-O O-O 8. Ne5 e6 9. Nc3 Nfd7 10. Nf3 Nc6 11. Be3 Nf6 12. Qd2 Ng4 13. Bf4 f5 14. Rac1 Bd7 15. Bd6 Bh6 16. e3 Rf7 17. h3 Nf6 18. Ne5 Rg7 19. Nxc6 Bxc6 20. Be5 Rf7 21. Ne2 Nd7 22. Rc3 Bf8 23. Rc2 Ba4 24. b3 Bb5 25. a4 Bxe2 26. Qxe2 Nxe5 27. dxe5 Ba3 28. Ra1 Qe7 29. h4 Rff8 30. Rca2 Bc5 31. Rc1 a5 32. Kh2 b6 33. Rac2 Kg7 34. Rc3 h6 35. Kg1 g5 36. hxg5 hxg5 37. Qb5 g4 38. R3c2 Rfc8 39. Rd1 Ra7 40. Rcd2 Bb4 41. Rd3 Rb7 42. Qa6 Rc5 43. Qa8 Rbc7 44. e4 fxe4 45. Bxe4 Ra7 46. Qb8 Rb7 47. Qa8 dxe4 48. Rd8 Qf7 49. Rg8+ Qxg8 50. Qxb7+ Kh6 51. Qe7 Qg5 52. Qf8+ Qg7 53. Qf4+ Qg5 54. Qf8+ Kg6 55. Kg2 Rc2 56. Qe8+ Kf5 57. Rd7 Qh6 0-1

[Event "Aeroflot Open"]
[Site "Moscow RUS"]
[Date "2018.02.20"]
[Round "1.42"]
[White "Rasmus Svane"]
[Black "Arjun Erigaisi"]
[Result "1/2-1/2"]
[EventDate "2018.02.20"]
[WhiteElo "2586"]
[BlackElo "2458"]
[PlyCount "50"]

1. e4 e6 2. d4 d5 3. Nd2 c5 4. Ngf3 cxd4 5. Nxd4 Nf6 6. exd5 Qxd5 7. Nb5 Na6 8. Nc3 Qd8 9. a3 Nc7 10. Qf3 Be7 11. Bd3 Ncd5 12. Nde4 O-O 13. O-O b6 14. Nxf6+ Bxf6 15. Ne4 Be5 16. Re1 Qc7 17. c4 Nf4 18. Bxf4 Bxf4 19. g3 Bh6 20. Nc3 Ba6 21. Nb5 Bxb5 22. cxb5 Rad8 23. Rad1 Rd5 24. Be4 Rxd1 25. Rxd1 Rd8 1/2-1/2

[Event "Chennai op 10th"]
[Site "Chennai IND"]
[Date "2018.01.25"]
[Round "10"]
[White "Venkataraman Karthik"]
[Black "Arjun Erigaisi"]
[Result "0-1"]
[EventDate "?"]
[WhiteElo "2476"]
[BlackElo "2386"]
[Source "chessbites.com; date by Chess Assistant 21"]
[PlyCount "62"]

1. e4 e6 2. d4 d5 3. Nc3 Nf6 4. Bg5 dxe4 5. Nxe4 Nbd7 6. Nf3 h6 7. Bxf6 Nxf6 8. Nxf6+ Qxf6 9. Bb5+ c6 10. Bd3 Bd7 11. Qe2 Bd6 12. O-O-O O-O-O 13. Kb1 Kb8 14. a4 c5 15. a5 cxd4 16. a6 e5 17. Bb5 Bc7 18. Bxd7 Rxd7 19. axb7 Rd5 20. c3 Qg6+ 21. Qc2 d3 22. Qb3 Ra5 23. Nd2 Qa6 24. Kc1 Rb5 25. Qa3 Qxa3 26. bxa3 Rd8 27. c4 Rxb7 28. Rhe1 f5 29. f3 Bd6 30. Nb1 e4 31. g3 Rc8 0-1

[Event "Chennai op 10th"]
[Site "Chennai"]
[Date "2018.01.23"]
[Round "8"]
[White "Arjun Erigaisi"]
[Black "Pandian Karthikeyan"]
[Result "1-0"]
[EventDate "?"]
[WhiteElo "2386"]
[BlackElo "2497"]
[Source "chessbites.com; date by Chess Assistant 21"]
[PlyCount "86"]

1. Nf3 c5 2. c4 Nc6 3. Nc3 e5 4. e3 f5 5. d4 cxd4 6. exd4 e4 7. d5 exf3 8. dxc6 fxg2 9. cxd7+ Bxd7 10. Bxg2 Nf6 11. O-O Be7 12. Bf4 Bc6 13. Nd5 Bxd5 14. cxd5 Bd6 15. Re1+ Kf7 16. Bxd6 Qxd6 17. Qb3 Qb6 18. d6+ Qxb3 19. Re7+ Kg6 20. axb3 Rad8 21. Rd1 Rd7 22. Rxd7 Nxd7 23. Bxb7 Kf6 24. b4 Rd8 25. b5 Ke6 26. Ra1 Ne5 27. Rxa7 Kxd6 28. Bg2 f4 29. Rxg7 f3 30. Bf1 Kc5 31. h3 h6 32. Rc7+ Kb6 33. Re7 Rd5 34. Re6+ Kb7 35. Rxh6 Rd1 36. b3 Rb1 37. Re6 Nd3 38. Re3 Ne1 39. h4 Ng2 40. Re4 Rxb3 41. h5 Rc3 42. Bxg2 fxg2 43. h6 1-0

[Event "Chennai op 10th"]
[Site "Chennai"]
[Date "2018.01.21"]
[Round "5"]
[White "Tarun Kanyamarala"]
[Black "Arjun Erigaisi"]
[Result "0-1"]
[EventDate "?"]
[WhiteElo "2031"]
[BlackElo "2386"]
[Source "chessbites.com; date by Chess Assistant 21"]
[PlyCount "66"]

1. c4 e5 2. Nc3 Nf6 3. Nf3 Nc6 4. d4 exd4 5. Nxd4 Bb4 6. Bg5 h6 7. Bh4 O-O 8. Rc1 g5 9. Bg3 Ne4 10. e3 Re8 11. Be2 Nxd4 12. Qxd4 d6 13. O-O Nxc3 14. bxc3 Bc5 15. Qd2 Bf5 16. Bd3 Qf6 17. Rce1 Qg6 18. Bxf5 Qxf5 19. Kh1 Re4 20. f3 Rxc4 21. e4 Qe6 22. e5 d5 23. f4 gxf4 24. Bxf4 Bf8 25. Re3 Bg7 26. Rg3 Kh7 27. Rh3 f5 28. exf6 Qxf6 29. Qd3+ Qg6 30. Qd2 Rf8 31. Rhf3 Bxc3 32. Qe2 Bg7 33. h3 Rc2 0-1

[Event "Chennai op 10th"]
[Site "Chennai"]
[Date "2018.01.21"]
[Round "6"]
[White "Arjun Erigaisi"]
[Black "Nikhil Dixit"]
[Result "1-0"]
[EventDate "?"]
[WhiteElo "2386"]
[BlackElo "2139"]
[Source "chessbites.com; date by Chess Assistant 21"]
[PlyCount "76"]

1. d4 Nf6 2. c4 g6 3. g3 Bg7 4. Bg2 O-O 5. Nf3 d6 6. O-O Nbd7 7. Nc3 a6 8. e4 e5 9. Qc2 exd4 10. Nxd4 Re8 11. Rd1 Rb8 12. h3 Ne5 13. c5 Bd7 14. f4 Nc6 15. Nxc6 Bxc6 16. e5 Bxg2 17. Kxg2 Nd7 18. cxd6 cxd6 19. Rxd6 Qc7 20. Be3 Nxe5 21. fxe5 Rxe5 22. Rd3 Qc6+ 23. Kh2 Rbe8 24. Qf2 h5 25. h4 Rf5 26. Bf4 g5 27. hxg5 h4 28. Qd2 hxg3+ 29. Bxg3 Bxc3 30. bxc3 Kg7 31. Rd8 Rxd8 32. Qxd8 Qxc3 33. Re1 Qc2+ 34. Kh3 Rf3 35. Re8 Qc4 36. Rg8+ Kh7 37. Rh8+ Kg6 38. Rh6+ 1-0

[Event "Mumbai Wealth op 3rd"]
[Site "Mumbai"]
[Date "2018.01.04"]
[Round "6"]
[White "Varshney Aaryan"]
[Black "Arjun Erigaisi"]
[Result "0-1"]
[EventDate "?"]
[WhiteElo "2026"]
[BlackElo "2359"]
[Source "chessbites.com; date by Chess Assistant 21"]
[PlyCount "94"]

1. d4 Nf6 2. Nf3 e6 3. c4 d5 4. Nc3 a6 5. e3 b6 6. Bd3 Bb7 7. O-O Bd6 8. b3 O-O 9. Bb2 Nbd7 10. Qe2 dxc4 11. bxc4 c5 12. h3 Re8 13. Rfd1 cxd4 14. exd4 Qc7 15. Rac1 Bf4 16. Rc2 e5 17. Nd5 Nxd5 18. cxd5 Qd6 19. Be4 exd4 20. Nxd4 Nc5 21. f3 g6 22. g4 Rad8 23. Nb3 Nxe4 24. fxe4 Be5 25. Qf3 Rd7 26. Bxe5 Qxe5 27. Nd2 a5 28. Rb1 Qd4+ 29. Qf2 Qd3 30. Rcb2 Qxh3 31. Rxb6 Qxg4+ 32. Kf1 Bxd5 33. Rb8 Bc4+ 34. Ke1 Rdd8 35. Rxd8 Rxd8 36. Rc1 Bxa2 37. Ra1 Be6 38. Rxa5 h5 39. Ra3 h4 40. Qb6 Qg5 41. Qf2 h3 42. Qh2 Rxd2 43. Qxd2 Qg1+ 44. Ke2 Bc4+ 45. Kf3 h2 46. Ra8+ Kh7 47. Qb2 h1=Q+ 0-1

[Event "Mumbai Wealth op 3rd"]
[Site "Mumbai"]
[Date "2018.01.01"]
[Round "3"]
[White "Arjun Erigaisi"]
[Black "Vuppala Prraneeth"]
[Result "1-0"]
[EventDate "?"]
[WhiteElo "2359"]
[BlackElo "1806"]
[Source "chessbites.com; date by Chess Assistant 21"]
[PlyCount "122"]

1. d4 Nf6 2. Bg5 Ne4 3. Bf4 d5 4. e3 e6 5. Nd2 Bd6 6. Bd3 Nxd2 7. Qxd2 c5 8. dxc5 Bxc5 9. Qc3 Bf8 10. Nf3 Nc6 11. O-O-O Qb6 12. e4 d4 13. Qc4 Bd7 14. Qb5 Bc5 15. Qxb6 Bxb6 16. Bd6 O-O-O 17. Ng5 Be8 18. e5 Bc7 19. Bxc7 Kxc7 20. f4 h6 21. Ne4 Ne7 22. Nd6 Nc8 23. Nxe8+ Rhxe8 24. Be4 f5 25. Bf3 g5 26. Rd3 Re7 27. g3 Red7 28. Rhd1 Ne7 29. Bh5 Nc6 30. a3 a5 31. Kd2 Rg7 32. Bf3 Rgd7 33. Ke1 Ne7 34. Bh5 Nc6 35. Kf2 Rg7 36. Bf3 Rgd7 37. Rc1 g4 38. Be2 h5 39. h3 Rh7 40. Rh1 Rdh8 41. Kg2 Rg7 42. hxg4 fxg4 43. Rdd1 Kb8 44. Bd3 Rc7 45. Be4 Rcc8 46. Rh2 d3 47. c3 Rcd8 48. Kf2 d2 49. Ke3 h4 50. gxh4 g3 51. Rhxd2 Rdg8 52. Rh1 Rh5 53. Kf3 Rf8 54. Kxg3 Rhh8 55. Bxc6 bxc6 56. Rd6 Rf7 57. Rxe6 Rg8+ 58. Kf3 Rfg7 59. h5 a4 60. h6 Rg3+ 61. Ke4 1-0

[Event "Mumbai Wealth op 3rd"]
[Site "Mumbai"]
[Date "2017.12.31"]
[Round "2"]
[White "Tarini Goyal"]
[Black "Arjun Erigaisi"]
[Result "0-1"]
[EventDate "?"]
[WhiteElo "2071"]
[BlackElo "2359"]
[Source "chessbites.com; date by Chess Assistant 21"]
[PlyCount "68"]

1. d4 Nf6 2. c4 e6 3. Nc3 Bb4 4. Nf3 b6 5. e3 Bb7 6. Bd3 Bxc3+ 7. bxc3 d6 8. O-O O-O 9. Nd2 e5 10. e4 Re8 11. Re1 Nc6 12. d5 Ne7 13. Nf1 c6 14. Ng3 Nd7 15. h4 Qc7 16. Bg5 f6 17. Be3 Ba6 18. Qg4 Kh8 19. dxc6 Qxc6 20. Rad1 Rad8 21. Nh5 Rg8 22. Bf1 Nc5 23. Bxc5 Qxc5 24. Qe6 Ng6 25. Rd5 Qc7 26. c5 Bc8 27. cxd6 Qxc3 28. d7 Qxe1 29. dxc8=Q Rxc8 30. Rd7 Rc1 31. Ng3 Nf4 32. Qg4 h5 33. Qf5 Rc2 34. Nh1 Qxf1+ 0-1

[Event "Mumbai Wealth op 3rd"]
[Site "Mumbai"]
[Date "2017.12.30"]
[Round "1"]
[White "Arjun Erigaisi"]
[Black "Isha Sharma"]
[Result "1-0"]
[EventDate "?"]
[WhiteElo "2359"]
[BlackElo "2029"]
[Source "chessbites.com; date by Chess Assistant 21"]
[PlyCount "94"]

1. d4 d6 2. Nf3 Nf6 3. Bg5 Nbd7 4. Nc3 c6 5. e4 e5 6. Qd2 Be7 7. Bd3 O-O 8. O-O Re8 9. Rfe1 b5 10. a4 b4 11. Ne2 Rb8 12. Ng3 g6 13. Bc4 Qc7 14. h3 Nf8 15. Bh6 Be6 16. Bd3 N8d7 17. Nf5 Bf8 18. Bxf8 Nxf8 19. Nxd6 Qxd6 20. dxe5 Qd8 21. exf6 Qxf6 22. e5 Qe7 23. Be4 Red8 24. Qe3 Bd5 25. Rad1 Bxe4 26. Qxe4 c5 27. Nh2 h5 28. Nf1 Ne6 29. Ne3 Nd4 30. c3 bxc3 31. bxc3 Ne6 32. Nd5 Qg5 33. h4 Qh6 34. f4 Ng7 35. Ne7+ Kh8 36. Rd6 Re8 37. Nf5 Nxf5 38. Qxf5 Qf8 39. Qf6+ Qg7 40. Qg5 Kg8 41. e6 f5 42. e7 Rb6 43. Rd8 Kf7 44. Re5 Rf6 45. Rd7 Ra6 46. Rxc5 Rxa4 47. Rc8 1-0

[Event "Bhopal op"]
[Site "Bhopal"]
[Date "2017.12.27"]
[Round "9"]
[White "Arjun Erigaisi"]
[Black "Anup Deshmukh"]
[Result "1-0"]
[EventDate "?"]
[WhiteElo "2359"]
[BlackElo "2283"]
[Source "chessbites.com; date by Chess Assistant 21"]
[PlyCount "100"]

1. d4 Nf6 2. c4 g6 3. g3 Bg7 4. Bg2 O-O 5. Nf3 d6 6. O-O Nbd7 7. Nc3 c6 8. e4 Qc7 9. h3 a6 10. Re1 e5 11. a4 Nh5 12. Be3 Re8 13. Qc2 Bf8 14. a5 Ng7 15. b4 exd4 16. Nxd4 Ne5 17. Na4 c5 18. bxc5 dxc5 19. Nb3 Be6 20. Nb6 Rad8 21. Nd5 Bxd5 22. cxd5 Rc8 23. f4 Nd7 24. e5 Nf5 25. Bf2 c4 26. d6 Nxd6 27. exd6 Rxe1+ 28. Rxe1 Bxd6 29. Nd4 Nf6 30. Rb1 Rb8 31. Qa4 h5 32. Kh1 h4 33. g4 Bxf4 34. Bxh4 Kg7 35. Qc2 c3 36. Be1 Nxg4 37. Qxc3 Nf6 38. Qxc7 Bxc7 39. Rxb7 Re8 40. Bc3 Be5 41. Bc6 Rc8 42. Ne6+ Kh6 43. Bxe5 Rxc6 44. Bxf6 Rxe6 45. Rb6 g5 46. Rxe6 fxe6 47. Kg2 Kg6 48. Bd4 Kf5 49. Kf3 e5 50. Be3 1-0

[Event "Bhopal op"]
[Site "Bhopal"]
[Date "2017.12.24"]
[Round "5"]
[White "Arjunr Erigaisi"]
[Black "Vinayak Kulkarni"]
[Result "1-0"]
[EventDate "?"]
[WhiteElo "2359"]
[BlackElo "2230"]
[Source "chessbites.com; date by Chess Assistant 21"]
[PlyCount "130"]

1. c4 c5 2. Nf3 Nc6 3. Nc3 g6 4. e3 Bg7 5. d4 d6 6. Be2 cxd4 7. exd4 Nf6 8. d5 Nb8 9. Be3 Bg4 10. Qd2 Nbd7 11. O-O O-O 12. Rac1 Rc8 13. b3 Nc5 14. Bh6 Nfe4 15. Nxe4 Nxe4 16. Qf4 Bxh6 17. Qxh6 Bxf3 18. Bxf3 Nc5 19. Rfd1 Qa5 20. Rd4 f5 21. Rd2 Nd7 22. h4 Ne5 23. h5 Rf6 24. Re2 f4 25. Rxe5 dxe5 26. Be4 Rf7 27. hxg6 Rg7 28. Qh3 Rf8 29. Qc3 Qxc3 30. gxh7+ Rxh7 31. Bxh7+ Kxh7 32. Rxc3 Rd8 33. Rh3+ Kg6 34. g4 fxg3 35. Rxg3+ Kf6 36. Rf3+ Kg6 37. Kf1 Rd6 38. Ke2 e6 39. Rd3 exd5 40. Rxd5 Ra6 41. a4 Kf5 42. Rb5 Ke4 43. Rxb7 Kd4 44. Kd2 Rf6 45. Rd7+ Kc5 46. Kc3 Rf3+ 47. Rd3 Rxf2 48. Rd5+ Kb6 49. a5+ Kc6 50. Rxe5 Rf3+ 51. Kb4 a6 52. Re6+ Kb7 53. Re7+ Kc6 54. Ra7 Re3 55. Rxa6+ Kb7 56. Rb6+ Ka7 57. c5 Re1 58. Kb5 Re7 59. b4 Ka8 60. a6 Re1 61. Rh6 Rb1 62. c6 Ka7 63. Rh7+ Kb8 64. c7+ Kc8 65. a7 1-0

[Event "Bhopal op"]
[Site "Bhopal"]
[Date "2017.12.23"]
[Round "4"]
[White "Y V K Chakravarthi"]
[Black "Arjun Erigaisi"]
[Result "0-1"]
[EventDate "?"]
[WhiteElo "2122"]
[BlackElo "2359"]
[Source "chessbites.com; date by Chess Assistant 21"]
[PlyCount "122"]

1. d4 Nf6 2. Bf4 c5 3. e3 Nd5 4. Bg3 Qb6 5. b3 e6 6. Nf3 cxd4 7. Qxd4 Qa5+ 8. c3 Nc6 9. Qd2 Nf6 10. Bd3 d5 11. O-O Bd7 12. a4 Be7 13. Na3 O-O 14. Nb5 Qd8 15. Rfd1 Nh5 16. Bc7 Qc8 17. Bd6 Bxd6 18. Nxd6 Qb8 19. Nb5 a6 20. Na3 Nf6 21. c4 Qa7 22. cxd5 Nxd5 23. e4 Ndb4 24. Bc4 Rfd8 25. h3 Qb6 26. Qe2 Na5 27. Ne5 Be8 28. Rxd8 Rxd8 29. Rd1 h6 30. Rd2 Rc8 31. Qd1 Qc7 32. Ng4 Bc6 33. Ne3 Bxe4 34. Rd7 Qc5 35. Qg4 Nxc4 36. Naxc4 Bc6 37. Rd1 Nd5 38. Kh2 b5 39. Nxd5 Bxd5 40. axb5 axb5 41. Ne3 Bxb3 42. Rd7 Qe5+ 43. g3 Bc4 44. Qf3 Qf6 45. Qxf6 gxf6 46. Rb7 Be2 47. g4 Rc3 48. Kg3 Rb3 49. Kf4 b4 50. h4 Rb1 51. Nc2 b3 52. Nd4 e5+ 53. Ke3 exd4+ 54. Kxe2 b2 55. Kd2 Rf1 56. Rxb2 Rxf2+ 57. Kc1 Rxb2 58. Kxb2 h5 59. gxh5 f5 60. Kc2 f4 61. Kd3 f3 0-1